Ensayo Indoamericano /

Kaydedildi:
Detaylı Bibliyografya
Yazar: Arias Larreta, Abraham
Materyal Türü: Bilinmiyor
Dil:Spanish
Baskı/Yayın Bilgisi: San José, Costa Rica : Editorial Indoamericana, 1980.
Konular:
Etiketler: Etiketle
Etiket eklenmemiş, İlk siz ekleyin!

MARC

LEADER 000000000a22000000004500
001 003190
041 0 |a spa 
082 0 4 |a A860.9   |b A696e 
100 1 |a Arias Larreta, Abraham 
245 1 0 |a Ensayo Indoamericano /   |c Abraham Arias Larreta. 
260 1 |a San José, Costa Rica :   |b Editorial Indoamericana,   |c 1980. 
300 |a 186 páginas 
650 4 |a LITERATURA LATINOAMERICANA 
650 4 |a HISTORIA Y CRITICA 
999 |c 9482  |d 9482 
942 |c BK  |h A860.9 A696e  |2 z